000 00392nam a22001217a 4500
008 190620b xxu||||| |||| 00| 0 eng d
050 _aQA 43
_b.W36 2002
100 _aDavid S. Wayne
245 _aHow to solve math word problems on standardized tests:
_bproven technique from an expert/
260 _aNew York:
_bMcGraw Hill
_c2002.
300 _avi, 170 p. ; ill. :210 cm.
942 _2lcc
_cBK
999 _c361929
_d361929